| 000 | 01503nam a22003374a 4500 | ||
|---|---|---|---|
| 001 | ebr10173972 | ||
| 003 | CaPaEBR | ||
| 006 | m u | ||
| 007 | cr cn||||||||| | ||
| 008 | 050420s2005 si a sb 101 0 eng | ||
| 010 | _z 2005047976 | ||
| 020 | _z9812563156 (alk. paper) | ||
| 040 |
_aCaPaEBR _cCaPaEBR |
||
| 035 | _a(OCoLC)228168234 | ||
| 050 | 1 | 4 |
_aQC793.3.S6 _bS65 2004eb |
| 082 | 0 | 4 |
_a539.7/25 _222 |
| 111 | 2 |
_aSPIN 2004 _d(2004 : _cTrieste, Italy) |
|
| 245 | 1 | 0 |
_aSPIN 2004 _h[electronic resource] : _b16th international spin physics symposium : workshop on polarized electron sources and polarimeters / _ceditors, Kurt Aulenbacher ... [et al.]. |
| 260 |
_aSingapore ; _aHackensack, NJ : _bWorld Scientific, _cc2005. |
||
| 300 |
_al, 1012 p. : _bill. |
||
| 504 | _aIncludes bibliographical references and index. | ||
| 533 |
_aElectronic reproduction. _bPalo Alto, Calif. : _cebrary, _d2013. _nAvailable via World Wide Web. _nAccess may be limited to ebrary affiliated libraries. |
||
| 650 | 0 |
_aNuclear spin _vCongresses. |
|
| 650 | 0 |
_aPolarization (Nuclear physics) _vCongresses. |
|
| 650 | 0 |
_aPolarized beams (Nuclear physics) _vCongresses. |
|
| 655 | 7 |
_aElectronic books. _2local |
|
| 700 | 1 | _aAulenbacher, Kurt. | |
| 710 | 2 | _aebrary, Inc. | |
| 711 | 2 |
_aWorkshop on Polarized Electron Sources and Polarimeters _d(2004 : _cTrieste, Italy) |
|
| 856 | 4 | 0 |
_uhttp://site.ebrary.com/lib/rucke/Doc?id=10173972 _zAn electronic book accessible through the World Wide Web; click to view |
| 999 |
_c248466 _d248466 |
||